00882ntm a22002177a 450000500170000000800410001704000280005808200170008610000370010324500700014026000100021030000400022050001890026059000170044965000400046665300230050665500090052994200080053899900170054695201010056320170810123041.0170802s2014 xx a frb 000 0 eng d aEG-ScBUEbengcEG-ScBUE04222a624bALI1 aAli, Sherif Osama Maher Mohamed.10aSabah al Ahmed girls center /cby Sherif Osama Maher Mohamed Ali. c2014. aiv, 79 p. : bill. (col.) ;c28 cm. aA dissertation brief submitted to the faculty of engineering. the British university in Egypt, in partial fulfillment of the requirements for the bachelors degree in civil engineering. abasant mousa 72BUEshaCivil Engineering.vProjects bENGCIVcAugust2017 vSPRO 2ddc c25391d25363 00102ddc4070aMAINbMAINc2NDd2017-08-09l0o624 ALIp000046652r2025-07-15 00:00:00yPROJST